| 000 | 00000nam##2200000za#4500 |
| 001 | 9.616838 |
| 003 | CaOODSP |
| 005 | 20200327144331 |
| 007 | ta |
| 008 | 150406|2004||||xxc||||| f|0| 0 eng|d |
| 022 | |a0706-6457 |
| 040 | |aCaOODSP|beng |
| 043 | |an-cn--- |
| 086 | 1 |aFs97-6/2527E |
| 110 | 1 |aCanada. |bDepartment of Fisheries and Oceans. |
| 245 | 12|aA simple and robust method for the determination of total mercury in fish tissue using continuous flow - cold vapour ICP-MS and an external standards calibration / |cby G. Veinott and J. Miller-Banoub. |
| 260 | |aOttawa - Ontario : |bFisheries and Oceans Canada |c2004. |
| 300 | |aiv, 10p. : |bfigs., references, tables ; |c28 cm. |
| 490 | 1 |aCanadian technical report of fisheries and aquatic sciences|x0706-6457|v2527 |
| 500 | |a"Science, Oceans and Environment Branch, Fisheries and Oceans Canada, P.O. Box 5667, St. John's NL, Canada A1C 5X1".--Cover. |
| 546 | |a(Résumé en français.) |
| 563 | |aSoftcover |
| 590 | |a04-16|b2004-04-16 |
| 690 | 07|aTechnical reports|2gcpds |
| 720 | 1 |aVeinott, G. |
| 720 | 1 |aMiller-Banoub, J. |
| 776 | 0#|tA simple and robust method for the determination of total mercury in fish tissue using continuous flow - cold vapour ICP-MS and an external standards calibration / |w(CaOODSP)9.574109 |
| 830 | #0|aCanadian technical report of fisheries and aquatic sciences,|x0706-6457|v2527|w(CaOODSP)9.514691 |